Neúprosná realita slovenského obuvníctva Z recesie do krízy, znovuoživenie v nedohľadne
Krízová situácia v slovenskom obuvníckom a kožiarskom priemysle. Tradície budovania obuvníckeho a kožiarskeho odvetvia na Slovensku. Podmienky pre úspešné pôsobenie na zahraničných trhoch. Reštrukturalizácia podnikov po roku 1990, negatívne a pozitívne zmeny. Vybrané ukazovatele vývoja kožiarsko-obu...
Salvato in:
| Autore principale: | |
|---|---|
| Natura: | Capitolo di libro |
| Lingua: | slovacco |
| Soggetti: | |
| Tags: |
Nessun Tag, puoi essere il primo ad aggiungerne!!
|
MARC
| LEADER | 00000naa a2200000 4500 | ||
|---|---|---|---|
| 001 | r015523 | ||
| 005 | 20221205090940.0 | ||
| 041 | 0 | |a slo | |
| 044 | |a SK | ||
| 245 | 1 | 0 | |a Neúprosná realita slovenského obuvníctva |b Z recesie do krízy, znovuoživenie v nedohľadne |c A. Szabo |
| 520 | |a Krízová situácia v slovenskom obuvníckom a kožiarskom priemysle. Tradície budovania obuvníckeho a kožiarskeho odvetvia na Slovensku. Podmienky pre úspešné pôsobenie na zahraničných trhoch. Reštrukturalizácia podnikov po roku 1990, negatívne a pozitívne zmeny. Vybrané ukazovatele vývoja kožiarsko-obuvníckeho priemyslu v rokoch 1990-1993. | ||
| 610 | 2 | 0 | |a priemysel obuvnícky |
| 610 | 2 | 0 | |a priemysel kožiarsky |
| 610 | 2 | 0 | |a odbyt |
| 610 | 2 | 0 | |a Slovensko |
| 610 | 2 | 0 | |a 1990-1993 |
| 100 | 1 | |a Szabo, A. | |